Statistics for Australian Birds of Prey

Click here to take the quiz!

General Stats

  • This quiz has been taken 98 times
  • The average score is 21 of 34

Answer Stats

HintAnswer% Correct
RaptorsWedge-tailed Eagle
100%
OwlsBarn Owl
80%
RaptorsPeregrine Falcon
80%
OwlsPowerful Owl
80%
RaptorsWhite-bellied Sea-Eagle
77%
RaptorsAustralian Hobby
67%
RaptorsBrown Goshawk
67%
RaptorsEastern Osprey
67%
RaptorsGrey Goshawk
67%
OwlsSouthern Boobook
67%
RaptorsSwamp Harrier
67%
RaptorsBlack-shouldered Kite
63%
RaptorsBrown Falcon
63%
OwlsMasked Owl
63%
RaptorsNankeen Kestrel
63%
RaptorsWhistling Kite
63%
RaptorsBlack Falcon
60%
RaptorsBlack Kite
60%
RaptorsCollared Sparrowhawk
60%
RaptorsGrey Falcon
60%
RaptorsLetter-winged Kite
60%
RaptorsLittle Eagle
60%
OwlsSooty Owl
60%
OwlsGrass Owl
57%
RaptorsRed Goshawk
57%
RaptorsSpotted Harrier
57%
OwlsBarking Owl
53%
RaptorsBlack-breasted Buzzard
50%
RaptorsBrahminy Kite
50%
OwlsMorepork
47%
OwlsRufous Owl
47%
OwlsLesser Sooty Owl
43%
RaptorsPacific Baza
43%
RaptorsSquare-tailed Kite
40%

Score Distribution

Percentile by Number Answered

Percent of People with Each Score

Your Score History

You have not taken this quiz